| 000 | 00800nam a22002417a 4500 | ||
|---|---|---|---|
| 003 | OSt | ||
| 005 | 20260413111305.0 | ||
| 008 | 250924b |||||||| |||| 00| 0 eng d | ||
| 037 | _cThesis | ||
| 040 |
_aFEDL _beng _cFEDL |
||
| 041 |
_aeng _heng |
||
| 082 | _a371.9 SHA/TH | ||
| 100 |
_aShalu Devi _9846406 |
||
| 110 |
_aUniversity of Delhi. Department of Education _9846407 |
||
| 245 |
_aEducation of girls with disabilities in the state of Haryana/ _cby Shalu Delhi; Subhash Chander- Supervisor. |
||
| 260 |
_aUniversity of Delhi _c2025 |
||
| 300 | _a328p. | ||
| 650 |
_aDISABILITY _9846408 |
||
| 650 |
_aEDUCATION OF GIRLS- DISABILITY _9846409 |
||
| 700 |
_aSubhash Chander. Supervisor. _9846410 |
||
| 942 |
_2ddc _cTH _h371.9 SHA/TH _n0 |
||
| 999 |
_c1463954 _d1463954 |
||